000 04090nam a2200649 a 4500
003 OSt
005 20240305130808.0
007 ta
008 180516e2017 dr ac er 001 p spa d
020 _a9789945484267
040 _aDO-SdBNP
_bspa
_cBNPHU
041 _hspa
082 _aBNPHU- xxxx
_bA634po
245 0 _aAntología poética II. /
_cIsabel Florentino, compilación y cuidado de la edición ; Domingo Guzmán , diagramación.
246 0 4 _aAntología poética I :
_bVI semana internacional de la poesía. homenaje de la poesía sorprendida
260 _aSanto Domingo :
_bBúho ,
_c2017
300 _a236 pg.
_bil. retratos ;
_c22 cm.
505 0 _aPresentación.-
505 0 _aJuan Freddy Armando :
_tNociones preliminares sobre el beso.- Cristo sin vuelo.
505 0 _aVictor Bidó :
_tBeso.- 21 de marzo.- respiro.
505 0 _aRolando Bodden :
_tRiesgo.- voces de revelo.- ansias tecnológicas.
505 0 _aJosé Ángel Bratini :
_tUna balada por el pecho.- Balada de los ojos. .- balada de la virtud de tener dedos.
505 0 _aGénesis Bravo :
_tNinguno contenido I, II.- primera versión de la ciudad. .-segunda versión de la ciudad.
505 0 _aGesmalin Bravo :
_tMírame.- Tú.- a qué me sabe la vida.
505 0 _aNiurkarys Brito :
_tNuestras vidas sin sentido.- amárrame a tus pies.- tiempo intacto.
505 0 _aFernando Cabrera :
_tYo el de la isla.- hiere.- entra, mas no calles.
505 0 _aLuis Carvajal :
_tAmo tus sonidos.- las ciguapas y la ciguapa.
505 0 _aJesús Cordero :
_tV.- la puerta no guarda secretos.- para eso es el mundo.
505 0 _aOrlando Cordero :
_tHuésped en las casas reales.- río abajo me contemplo.- ciudad poema.
505 0 _aJosé Enrique Delmonte :
_tCuando el frío se desvanece.- el universo muere dos veces.- la mirada.
505 0 _aDenisse Español :
_tPuerta.- silla.- cuerpo.
505 0 _aNatacha Féliz :
_tEstrellas.- desalojo.- aturdida.
505 0 _aRafael Nino Féliz :
_tÁfrica en mi piel.- portobelo.- la lluvia cae.
505 0 _aYsabel Florentino :
_t¿Por quién grita la memoria?.- acertijo XVII.
505 0 _aManuel García Cartagena :
_tLa batalla de la poesía contra la mierda.- nos lo pusieron en chino.- monólogo del figurante.
505 0 _aJuan Hernández Inirio :
_tFranca Luz.- solo tu presencia.- dos mil diecisiete.-
505 0 _aArsenio Jiménez :
_tConexión.- recibir el aliento.- infortunio V.
505 0 _aVirgilio López Azuán :
_tObsesión con el tiempo.- los sapos y la noche II.- la otra Mona Liza.
505 0 _aManuel Llibre Otero :
_tResidencia en la poesía.- rosa en reverso.
505 0 _aBenito Manuel :
_tVivian contracanto.- onirismo.
505 0 _aDarihanna Mesa :
_tA las niñas.- desde tu puerta I.-enterrar el río.
505 0 _aDarihel Mesa :
_tPrefiero recordar.- madre.- mi corazón roto.
505 0 _aRamón Mesa :
_tCansancio de mi sombra.- negación de la herida.- venganza.
505 0 _aOrlando Muñoz :
_tDi.- son palabras.- tras el tramo triste de la historia.
505 0 _aLeibi NG :
_tUróboto.- turgente, acuática.- firme.- del mar no quiero sal.
505 0 _aEnegildo Peña :
_tDentro de la noche.
505 0 _aCarmen Pérez Valerio
_tVastedad de la costumbre.- camino silencioso.- sendero de olvido.
505 0 _aDayrobel Ramírez Rossó :
_tRutina silenciosa.- en esta tierra tan grande.- crónica de un día.
505 0 _aMarlex Rodríguez :
_tSi miraras hacia mí.- el otro lado.- de "hybris" poema XIV.
505 0 _aRamón Saba :
_tEfluvio del dormido.- mientras repaso mi boleto.- palidez de la distancia.
505 0 _aRaquel Salas Cuello :
_tTodo, nada, todo, nada ¡nunca fue!.- el este, mi este.- a Juana Inés de Asbaje.
505 0 _aNitín Troncoso :
_tComo equipaje.- mujer ciudad.-abril sin primavera.
505 0 _aJael Uribe :
_tLas manos de mi madre (parte II).- la guerra se lleva por dentro.- madre.
700 1 _aFlorentino, Ysabel,
_d1981-
_ecompilación y cuidado de la edición.
_943165
700 _aGuzmán , Domingo,
_ediagramación.
_971128
942 _2ddc
_cLBS1
999 _c46901
_d46901